MARC details
| 000 -CABECERA |
| campo de control de longitud fija |
01512nam a2200301 a 4500 |
| 001 - NÚMERO DE CONTROL |
| campo de control |
000041587 |
| 005 - FECHA Y HORA DE LA ÚLTIMA TRANSACCIÓN |
| campo de control |
20201002035643.0 |
| 008 - DATOS DE LONGITUD FIJA--INFORMACIÓN GENERAL |
| campo de control de longitud fija |
131011s2005 sp abf 001 0 spa d |
| 020 ## - NÚMERO INTERNACIONAL ESTÁNDAR DEL LIBRO |
| Número Internacional Estándar del Libro |
849744048X |
| 040 ## - FUENTE DE LA CATALOGACIÓN |
| Centro catalogador/agencia de origen |
DO-SdBNP |
| Lengua de catalogación |
spa |
| Centro/agencia transcriptor |
BNPHU |
| 082 ## - NÚMERO DE LA CLASIFICACIÓN DECIMAL DEWEY |
| Número de clasificación |
xxxx |
| Número de documento/Ítem |
xxxx |
| 100 1# - ENTRADA PRINCIPAL--NOMBRE DE PERSONA |
| Nombre de persona |
Centero, Justo G. |
| Forma completa/desarrollada del nombre |
Justo Germán |
| 9 (RLIN) |
68349 |
| 245 14 - MENCIÓN DE TÍTULO |
| Título |
Los Ingenios. : |
| Resto del título |
colección de vistas de los principales ingenios de azúcar de la isla de Cuba / |
| Mención de responsabilidad, etc. |
texto redactado por Justo G. Centero; con láminas dibujadas del natural y litografiadas por Eduardo Laplante; editores, Luís Miguel García Mora, Antonio Santamaría García. |
| 246 14 - FORMA VARIANTE DE TÍTULO |
| Título propio/Titulo breve |
Los ingenios de la isla de Cuba |
| 260 ## - PUBLICACIÓN, DISTRIBUCIÓN, ETC. |
| Lugar de publicación, distribución, etc. |
[Madrid] : |
| Nombre del editor, distribuidor, etc. |
CEDEX |
| -- |
Doce Calles |
| -- |
Fundación Mapfre |
| -- |
CSIC, |
| Fecha de publicación, distribución, etc. |
[2005]. |
| 300 ## - DESCRIPCIÓN FÍSICA |
| Extensión |
451 p. : |
| Otras características físicas |
il., mapas, lam. ; |
| Dimensiones |
35 cm. |
| 490 1# - MENCIÓN DE SERIE |
| Mención de serie |
Antilia |
| -- |
Maior |
| 500 ## - NOTA GENERAL |
| Nota general |
Incluye índice analítico p: 429-451 |
| 504 ## - NOTA DE BIBLIOGRAFÍA, ETC. |
| Nota de bibliografía, etc. |
Bibliografía p: 415-428 |
| 500 ## - NOTA GENERAL |
| Nota general |
Incluye notas y referencias bibliografías al pie de páginas |
| 533 ## - NOTA DE REPRODUCCIÓN |
| Tipo de reproducción |
Fascímil: Los ingenios, colección de vistas de los principales ingenios de azúcar de la isla de Cuba |
| Lugar de la reproducción |
La Habana, Cuba |
| Institución responsable de la reproducción |
Impreso en la litografía de Luis Marquier |
| Fecha de la reproducción |
1857 |
| 700 1# - PUNTO DE ACCESO ADICIONAL--NOMBRE DE PERSONA |
| Nombre de persona |
Laplante, Eduardo |
| Término indicativo de función/relación |
lit. |
| 9 (RLIN) |
68350 |
| 700 1# - PUNTO DE ACCESO ADICIONAL--NOMBRE DE PERSONA |
| Nombre de persona |
García Mora, Luís Miguel |
| Término indicativo de función/relación |
ed. |
| 9 (RLIN) |
44140 |
| 700 1# - PUNTO DE ACCESO ADICIONAL--NOMBRE DE PERSONA |
| Nombre de persona |
Santamaría García, Antonio |
| Término indicativo de función/relación |
ed. |
| 9 (RLIN) |
67993 |
| 710 2# - PUNTO DE ACCESO ADICIONAL--NOMBRE DE ENTIDAD CORPORATIVA |
| Nombre de entidad corporativa o nombre de jurisdicción como elemento de entrada |
Centro de Estudios para el Desarrollo Exportador |
| 9 (RLIN) |
68351 |
| 710 2# - PUNTO DE ACCESO ADICIONAL--NOMBRE DE ENTIDAD CORPORATIVA |
| Nombre de entidad corporativa o nombre de jurisdicción como elemento de entrada |
Consejo Superior de Investigaciones Científicas |
| 9 (RLIN) |
4786 |
| 830 #0 - PUNTO DE ACCESO ADICIONAL DE SERIE-TÍTULO UNIFORME |
| Título uniforme |
Antilia |
| Nombre de parte o sección de la obra |
Maior |
| 9 (RLIN) |
68352 |